=LDR 00000nam 2200000 4500 =001 INLIS000000000014304 =005 20200326075223 =035 ##$$a 0010-061300000014304 =008 200326################g##########0#ind## =041 ##$$a Ind =082 ##$$a 297.43 =090 ##$$a 297.43, Sha b =100 ##$$a Shalal, Ayidah ahmad =245 1#$$a Bulan madu dan kebahagiaan perkawinan, /$c Ayidah Ahmad Shalal ; penerjemah Moh. Suri Sudahri A. , Entin Rani ' ah Ramelan =260 ##$$a Jakarta :$b Pustaka Al-Kaustar,$c 2001 =300 ##$$a 207 hlm, ; $c 13 x 17 cm =650 #4$$a Perkawinan =850 ##$$a NBPNMAT =084 ##$$a 297.43 SHA b =250 ##$$a cet.1 =990 ##$$a 20800183 =990 ##$$a 30501374 =990 ##$$a 30501375 =990 ##$$a 30501376